000120560 001__ 120560
000120560 005__ 20221220103618.0
000120560 037__ $$aTAZ-TFG-2022-2716
000120560 041__ $$aspa
000120560 1001_ $$aGiménez de Muñana Muñio, David
000120560 24200 $$aEvaluation of Motivational Behaviour in Phyisical Education from a Double Perspective: Teacher-Student
000120560 24500 $$aEvaluación de las Conductas Motivacionales en Educación Física desde una Doble Perspectiva: Docente-Alumno
000120560 260__ $$aZaragoza$$bUniversidad de Zaragoza$$c2022
000120560 506__ $$aby-nc-sa$$bCreative Commons$$c3.0$$uhttp://creativecommons.org/licenses/by-nc-sa/3.0/
000120560 520__ $$aEn el presente trabajo fin de grado se lleva a cabo una evaluación de las conductas motivacionales del docente de Educación Física de un centro educativo de Educación Secundaria Obligatoria, relacionando estas conductas motivacionales del docente con las percepciones que los alumnos tienen sobre los estilos motivacionales que predominan en el aula. El objetivo es observar si ambas percepciones motivacionales coinciden o por el contrario difieren.<br />En este estudio de tipo descriptivo transversal participaron un total de 44 estudiantes de tercer curso de secundaria y un único docente del mismo centro educativo. La recogida de los datos se ha llevado a cabo a través de un cuestionario validado y fiable denominado SIS-PE (Escriva-Boulley et al., 2021). Asimismo, se ha realizado un ANOVA de medidas repetidas para observar el grado de diferenciación entre las percepciones del docente y las del alumnado.<br />Los resultados del estudio sugieren que existen diferencias significativas en la percepción de las variables motivacionales de “apoyo a la autonomía", "control y "caos” entre docente y alumnado, mientras que la variable motivacional de “estructura” no presenta diferencias significativas entre las percepciones de docente y del alumnado.<br />La conclusión principal de este TFG parece señalar que las percepciones que tiene el docente de Educación Física sobre sus estilos motivacionales difieren en alguna medida de las percepciones que tienen de él. Parece necesario establecer formaciones con el profesorado que aumenten de forma objetiva su percepción sobre las conductas docentes para ayudarles a mejorar las mismas en el futuro.<br /><br />
000120560 521__ $$aGraduado en Ciencias de la Actividad Física y del Deporte
000120560 540__ $$aDerechos regulados por licencia Creative Commons
000120560 700__ $$aGarcía González, Luis$$edir.
000120560 7102_ $$aUniversidad de Zaragoza$$bExpresión Musical, Plástica y Corporal$$cDidáctica de la Expresión Corporal
000120560 8560_ $$f774208@unizar.es
000120560 8564_ $$s782696$$uhttps://zaguan.unizar.es/record/120560/files/TAZ-TFG-2022-2716.pdf$$yMemoria (spa)
000120560 909CO $$ooai:zaguan.unizar.es:120560$$pdriver$$ptrabajos-fin-grado
000120560 950__ $$a
000120560 951__ $$adeposita:2022-12-20
000120560 980__ $$aTAZ$$bTFG$$cFCSHUES
000120560 999__ $$a20220624214143.CREATION_DATE